000 01411nam a2200361 c 4500
003 BLK
005 20200127092726.0
008 180410b bul|||||r ||||||| ||bul||
010 _aKNG00165811000
020 _a978-954-733-731-2
_bиздат.: Прозорец
040 _aBLK
041 _aBUL
_cBUL
072 7 _2bullib
_aН8301
_xТрилъри Н
080 _aАмериканска литература (на САЩ)
_b821.111(73)
_x-312.4
_z821.111(73)-312.4
100 1 _aКланси, Том
_eпърви автор
_979533
700 1 _aГрадинаров, Венцислав Тренев
_eпрев. от англ.
_9368974
139 _aКланси, Том
_bК 63
245 1 0 _aПатриотични игри
_bРоман
_cТом Кланси; прев. от англ. Венцислав Тренев Градинаров.
250 _a2. изд.
257 _aUSA
260 София
_bПрозорец
_c2012
_fСофия : Инвестпрес
300 _a623 с.
_c21 см
380 _aX
500 _a1. изд. 1993 на изд. Атика в 2 ч. в сер. Crime Mystery. - Ориг. загл. Patriot Games / Tom Clancy.
653 _aтрилъри
653 _aромани
659 _aН
852 _aЦб 271136
856 4 _qpdf
_u
856 4 _qpdf
_u
942 _cKNG
_n0
_03
944 _aCR
_c08.10.2014
_lф /
_kЛюдмила_Стоянова
944 _aED
_c10.10.2014
_lф /
_k
999 _c158753
_d158753